000 00394nam a2200169Ia 4500
005 20250508154236.0
008 008 250505s9999 xx 000 0 eng d
037 _aPeriodicals
040 _aFEDL
_beng
_cFEDL
041 _aeng
_2eng
084 _qFEDL
245 0 _aTimes educational supplement 1949
260 _c1949
300 _a900p.
942 _cCR
999 _c1349054
_d1349054